| 000 | 01121nam a22002417a 4500 | ||
|---|---|---|---|
| 005 | 20240814173817.0 | ||
| 008 | m252625 th thaha d | ||
| 041 | _atha | ||
| 100 | 0 | _aสืบวงศ์ วิชัยลักษณ์ | |
| 245 | 1 | 0 | _aรวมกฎหมายไทย เล่ม ป2 [ร4] |
| 260 | 3 |
_aกรุงเทพฯ : _bนิติเวชช์, _c2526-2529 |
|
| 300 |
_a1 เล่ม : _b ภาพประกอบ, ตาราง ; _c 24 ซม. |
||
| 650 | 0 | 4 | _aกฎหมายป่าไม้ -- ไทย |
| 650 | 0 | 4 | _aป่าสงวน -- กฎหมายและระเบียบข้อบังคับ |
| 650 | 0 | 4 | _aยาเสพติด -- กฎหมายและระเบียบข้อบังคับ |
| 650 | 0 | 4 | _aยาเสพติด -- การควบคุม -- ไทย |
| 700 | 0 | _aสืบวงศ์ วิชัยลักษณ์ | |
| 850 | _aNALT | ||
| 942 | _cREF | ||
| 997 | _c000000000015869 | ||
| 998 |
_aAREERAT VICHACHANG _j25 _k นีลวัสน์ อินทรักษา |
||
| 999 |
_c15869 _d15869 |
||
| 090 | _aKA204 ส895ร4 ล.ป2 | ||